| 000 -LEADER |
| fixed length control field |
02016nam a22001577a 4500 |
| 008 - FIXED-LENGTH DATA ELEMENTS--GENERAL INFORMATION |
| fixed length control field |
220720b ||||| |||| 00| 0 eng d |
| 100 ## - MAIN ENTRY--PERSONAL NAME |
| Personal name |
Browning, Christopher R. |
| 245 ## - TITLE STATEMENT |
| Title |
Neighborhoods, activity spaces, and the span of adolescent exposures |
| 260 ## - PUBLICATION, DISTRIBUTION, ETC. (IMPRINT) |
| Place of publication, distribution, etc |
American Sociological Review |
| 300 ## - PHYSICAL DESCRIPTION |
| Extent |
86(2), Apr, 2021: p.201-233 |
| 520 ## - SUMMARY, ETC. |
| Summary, etc |
Since the inception of urban sociology, the “neighborhood” has served as the dominant context to capture developmentally significant youth experiences beyond the home. Yet no large-scale study has examined patterns of exposure to the most commonly used operationalization of neighborhood—the census tract—among urban youth. Using smartphone GPS data from the Adolescent Health and Development in Context study (N = 1,405), we estimate the amount of time youth spend in residential neighborhoods and consider explanations for variation in neighborhood exposure. On average, youth (ages 11 to 17) spend 5.7 percent of their waking-time in their neighborhood but not at home, 60 percent at home, and 34.3 percent outside their neighborhood. Multilevel negative binomial regression models indicate that residence in economically disadvantaged neighborhoods is associated with less time in one’s neighborhood. Higher levels of local violence and the absence of a neighborhood school are negatively associated with time in-neighborhood and mediate the concentrated disadvantage effect. Fractional multinomial logit models indicate that higher violence is linked with increased time at home, and school absence is associated with increased outside-neighborhood time. Theoretical development and empirical research on neighborhood effects should incorporate findings on the extent and nature of neighborhood and broader activity space exposures among urban youth. – Reproduced |
| 650 ## - SUBJECT ADDED ENTRY--TOPICAL TERM |
| Topical term or geographic name as entry element |
Activity spaces, Adolescents, Neighborhoods, Space-time use. |
| 9 (RLIN) |
32189 |
| 773 ## - HOST ITEM ENTRY |
| Main entry heading |
American Sociological Review |
| 906 ## - LOCAL DATA ELEMENT F, LDF (RLIN) |
| Subject DIP |
URBAN SOCIOLOGY |
| 942 ## - ADDED ENTRY ELEMENTS (KOHA) |
| Item type |
Articles |